书目信息 |
| 题名: |
胡风文艺思想批判论文汇集
|
|
| 作者: | ;作家出版社 编 | |
| 分册: | ||
| 出版信息: | 北京 作家出版社 1955.05 |
|
| 页数: | 192页 | |
| 开本: | 20cm | |
| 丛书名: | ||
| 单 册: | ||
| 中图分类: | D651.5 | |
| 科图分类: | ||
| 主题词: | 政治--中国 | |
| 电子资源: | ||
| ISBN: | ||
| 000 | 00602nam0 2200205 45 | |
| 001 | 0303071404 | |
| 005 | 20031219104106.5 | |
| 010 | @dCNY0.51 | |
| 100 | @a20030307d1955 km y0chiy0120 ea | |
| 101 | 0 | @achi |
| 105 | @a z 000zy | |
| 200 | 1 | @a胡风文艺思想批判论文汇集@AHu Feng Wen Yi Si Xiang Pi Pan Lun Wen Hui Ji@e四集@ESi Ji@f本社编@FBen She Bian |
| 210 | @a北京@c作家出版社@d1955.05 | |
| 215 | @a192页@d20cm | |
| 517 | @a四集@ASi Ji | |
| 606 | 0 | @a政治@x中国 |
| 690 | @aD651.5@v3 | |
| 711 | 02 | @a作家出版社@AZuo Jia Chu Ban She@4编 |
| 801 | @aCN@bTSTC@c20030307 | |
| 905 | @f1@b15782@dD651.5@e1 | |
| 胡风文艺思想批判论文汇集:四集/本社编.-北京:作家出版社,1955.05 |
| 192页;20cm |
| ISBN :CNY0.51 |
| ● |
| 相关链接 |
|
|
|
|
正题名:胡风文艺思想批判论文汇集
索取号:D651.5/1
 
预约/预借
| 序号 | 登录号 | 条形码 | 馆藏地/架位号 | 状态 | 备注 |
| 1 | 0015782 | 001758681 | 密集书库/ [索取号:D651.5/1] | 在馆 |